000 01656nam a2200421 i 4500
001 36218
003 KOSZ 005
005 20240405063115.0
008 980713s1996 pl g 100 0 pol
015 _aPB 1997/14896
020 _a8322709196
040 _aWA N
_cWA N
_dKOSZ 005/RW
041 1 _apol
_afre
080 _a943.8.07/.081
080 _a327(4-191.2-11)"1918/1939"(061.3)
245 0 0 _aNiepodległość Polski w 1918 roku a procesy państwowotwórcze w Europie Środkowo-Wschodniej :
_bmateriały z międzynarodowej konferencji zorg. w dniach 3-4 listopada 1993 roku w Lublinie /
_credakcja naukowa Zygmunt Mańkowski.
260 _aLublin :
_bWydawnictwo Uniwersytetu Marii Curie-Skłodowskiej,
_c1996.
300 _a203 strony ;
_c24 cm.
336 _aTekst
_btxt
_2rdacontent
337 _aBez urządzenia pośredniczącego
_bn
_2rdamedia
338 _aWolumin
_bnc
_2rdacarrier
380 _aKsiążki.
380 _aPublikacje naukowe
546 _aTekst częściowo w języku francuskim i tłumaczony z ukraińskiego i węgierskiego.
658 _aHistoria
648 4 _a1901-2000
651 4 _aPolska
651 4 _aEuropa Środkowo-Wschodnia
650 4 _aPolityka
648 4 _a1901-1914
648 4 _a1914-1918
648 4 _a1918-1939
655 4 _aMateriały konferencyjne
700 1 _aMańkowski, Zygmunt
_d(1926-2012).
_eRedakcja
710 2 _aWydawnictwo Uniwersytetu Marii Curie-Skłodowskiej
_4pbl.
856 _uhttp://koha.tu.koszalin.pl/cgi-bin/koha/opac-detail.pl?biblionumber=36218
_yKatalog online BPK
942 _2UKD
_cKS
999 _c36218
_d36218